[Event "4NCL/Div1/WGR1 vs. RIC"]
[Site "Telford ENG"]
[Date "2003.01.19"]
[Round "4.5"]
[White "Emms, John M"]
[Black "Webb, Laurence E"]
[Result "1-0"]
[WhiteElo "2515"]
[BlackElo "2279"]
[PlyCount "75"]
[EventDate "2003.01.19"]

1. e4 e5 2. Nf3 Nc6 3. Bb5 a6 4. Ba4 Nf6 5. O-O b5 6. Bb3 Bb7 7. d3 Be7 8. Re1
O-O 9. Nc3 d6 10. a3 Nd4 11. Nxd4 exd4 12. Ne2 c5 13. Ng3 d5 14. e5 Ne8 15. c3
dxc3 16. bxc3 g6 17. d4 Ng7 18. Bh6 Bc8 19. f4 c4 20. Bc2 f5 21. exf6 Bxf6 22.
f5 Bxf5 23. Bxf5 gxf5 24. Nh5 Rf7 25. Bxg7 Bxg7 26. Nxg7 Kxg7 27. Qf3 Qd6 28.
Re5 Rd8 29. a4 b4 30. cxb4 Qxb4 31. Qf4 Kh8 32. Rae1 Qf8 33. Qf3 Qd6 34. h4 f4
35. h5 Rff8 36. Re6 Qd7 37. h6 Rde8 38. Qxf4 1-0

[Event "4NCL/Div1/WGR1 vs. RIC"]
[Site "Telford ENG"]
[Date "2003.01.19"]
[Round "4.6"]
[White "Nixon, Thomas CM"]
[Black "Ward, Christopher"]
[Result "0-1"]
[WhiteElo "2204"]
[BlackElo "2513"]
[PlyCount "64"]
[EventDate "2003.01.19"]

1. d4 Nf6 2. c4 e6 3. Nf3 c5 4. d5 d6 5. Nc3 exd5 6. cxd5 g6 7. e4 a6 8. a4 Bg4
9. Be2 Bxf3 10. Bxf3 Nbd7 11. O-O Bg7 12. Be2 O-O 13. Qc2 Rc8 14. Be3 Re8 15.
a5 Qe7 16. Ra4 h5 17. Bg5 Qf8 18. h3 Nh7 19. Bf4 Bd4 20. Kh1 Qe7 21. Bd2 Ndf6
22. Bf3 g5 23. Qd1 Qd7 24. Bxh5 Nxh5 25. Qxh5 Bxc3 26. Bxc3 Qxa4 27. Qh6 Re5
28. Qxd6 Rxe4 29. Qh6 Rd4 30. f4 Qc4 31. Rf3 Qxd5 32. Rg3 Rc6 0-1

[Event "4NCL/Div1/WGR1 vs. RIC"]
[Site "Telford ENG"]
[Date "2003.01.19"]
[Round "4.7"]
[White "Martin, Andrew D"]
[Black "Franklin, Michael J"]
[Result "1-0"]
[WhiteElo "2426"]
[BlackElo "2222"]
[PlyCount "37"]
[EventDate "2003.01.19"]

1. e4 c5 2. Nc3 Nc6 3. Bb5 Nd4 4. Bc4 e6 5. Nf3 Nxf3+ 6. Qxf3 a6 7. d3 Ne7 8.
O-O Ng6 9. a4 Be7 10. Qh5 d6 11. f4 Bf6 12. f5 exf5 13. exf5 Ne5 14. Nd5 Nxc4
15. dxc4 Bd7 16. Bd2 Bd4+ 17. Kh1 O-O 18. f6 gxf6 19. Rf4 1-0

[Event "4NCL/Div1/WGR1 vs. RIC"]
[Site "Telford ENG"]
[Date "2003.01.19"]
[Round "4.8"]
[White "Wilson, Alexandra"]
[Black "Hunt, Harriet"]
[Result "0-1"]
[WhiteElo "2029"]
[BlackElo "2389"]
[PlyCount "90"]
[EventDate "2003.01.19"]

1. e4 c5 2. Nf3 d6 3. Bb5+ Nd7 4. d4 Ngf6 5. Nc3 a6 6. Bxd7+ Nxd7 7. O-O e6 8.
Bg5 Qc7 9. d5 e5 10. a4 g6 11. Nd2 Rb8 12. a5 h6 13. Be3 b5 14. axb6 Nxb6 15.
f4 exf4 16. Bxf4 Bg7 17. Qf3 O-O 18. Qg3 Rd8 19. Na4 Nxa4 20. Rxa4 g5 21. Be3
Rxb2 22. h4 f6 23. Rc4 Qe7 24. e5 Qxe5 25. Qxe5 dxe5 26. hxg5 hxg5 27. Rxc5 Rb5
28. c4 Rxc5 29. Bxc5 Kf7 30. Ne4 g4 31. Bb6 Rh8 32. c5 f5 33. Nd6+ Kf6 34. c6
Bh6 35. Rd1 Bg5 36. Nxc8 Rxc8 37. c7 Ke7 38. d6+ Kd7 39. Bc5 a5 40. Ra1 Bd2 41.
Rd1 Bb4 42. Be3 a4 43. Rd5 Bxd6 44. Bc5 Kc6 45. Rxd6+ Kxc5 0-1

[Event "4NCL/Div1/GUI1 vs. AD1"]
[Site "Telford ENG"]
[Date "2003.01.19"]
[Round "4.1"]
[White "Flear, Glenn C"]
[Black "Mestel, A Jonathan"]
[Result "0-1"]
[WhiteElo "2503"]
[BlackElo "2494"]
[PlyCount "82"]
[EventDate "2003.01.19"]

1. d4 d6 2. e4 Nf6 3. Nc3 g6 4. f4 Bg7 5. a3 O-O 6. Nf3 b6 7. Bd3 Bb7 8. O-O c5
9. e5 Nd5 10. Nxd5 Bxd5 11. dxc5 dxe5 12. Nxe5 bxc5 13. c4 Bb7 14. Be3 Nd7 15.
Nf3 Bxb2 16. Rb1 Bxf3 17. Rxf3 Rb8 18. Bf1 Qc7 19. f5 Be5 20. g3 Rxb1 21. Qxb1
Rb8 22. Qd1 Nf6 23. fxg6 hxg6 24. Kh1 Rb2 25. Rf2 Rxf2 26. Bxf2 Bd4 27. Bxd4
Qd6 28. Qa4 Qxd4 29. Qxa7 Qe4+ 30. Kg1 Qe3+ 31. Kh1 Kg7 32. Qb7 Qc1 33. Kg1
Qe3+ 34. Kh1 Qc1 35. Kg1 e5 36. a4 Qa3 37. Qa8 e4 38. Be2 Qa1+ 39. Kg2 Qb2 40.
Kf1 Qa1+ 41. Kg2 Qe1 0-1

[Event "4NCL/Div1/GUI1 vs. AD1"]
[Site "Telford ENG"]
[Date "2003.01.19"]
[Round "4.2"]
[White "Hennigan, Michael T"]
[Black "Hebden, Mark L"]
[Result "1/2-1/2"]
[WhiteElo "2434"]
[BlackElo "2515"]
[PlyCount "126"]
[EventDate "2003.01.19"]

1. e4 e5 2. Nf3 Nc6 3. d4 exd4 4. Nxd4 Nf6 5. Nxc6 bxc6 6. e5 Qe7 7. Qe2 Nd5 8.
c4 Nb6 9. b3 a5 10. Bb2 a4 11. Qe3 Qe6 12. Bd3 Bb4+ 13. Nd2 O-O 14. O-O d5 15.
Nf3 Qe7 16. Rab1 axb3 17. axb3 Ra2 18. Qf4 Be6 19. Ng5 h6 20. Nxe6 Qxe6 21.
cxd5 Nxd5 22. Qe4 f5 23. exf6 Qxe4 24. Bxe4 Nxf6 25. Bxc6 Rd8 26. Be5 Bc5 27.
b4 Bb6 28. h3 Rdd2 29. Kh1 Kf8 30. f4 Nd5 31. Ra1 Nxb4 32. Rxa2 Rxa2 33. Be4
Re2 34. Bf3 Re3 35. Ra1 Nd3 36. Ra8+ Kf7 37. Bd5+ Kg6 38. Re8 Nxf4 39. Bc6 Re1+
40. Kh2 Kf7 41. Bxf4 Rxe8 42. Bxe8+ Kxe8 43. Be5 Kf7 44. Kg3 c5 45. Kf4 Bd8 46.
Ke4 Bf6 47. Bd6 c4 48. g4 Ke6 49. Bf4 c3 50. Kd3 Kd5 51. Be3 Kc6 52. Kc4 Kd6
53. Kd3 Kd5 54. Bf2 g6 55. Be1 c2 56. Kxc2 Ke4 57. Kd2 Kf3 58. Kd3 Kg2 59. Ke4
Kxh3 60. Kf3 Bd4 61. Bd2 g5 62. Be1 Bc5 63. Bc3 Bf8 1/2-1/2

[Event "4NCL/Div1/GUI1 vs. AD1"]
[Site "Telford ENG"]
[Date "2003.01.19"]
[Round "4.3"]
[White "Gallagher, Joseph G"]
[Black "Ghasi, Ameet K"]
[Result "1-0"]
[WhiteElo "2526"]
[BlackElo "2298"]
[PlyCount "109"]
[EventDate "2003.01.19"]

1. e4 c5 2. Nf3 Nc6 3. Nc3 e6 4. d4 cxd4 5. Nxd4 Nf6 6. Ndb5 Bb4 7. a3 Bxc3+ 8.
Nxc3 d5 9. exd5 exd5 10. Bd3 O-O 11. O-O d4 12. Ne2 Bg4 13. f3 Bh5 14. b4 a6
15. Bb2 Qb6 16. Kh1 Rad8 17. Qd2 Rfe8 18. Rad1 Nd5 19. Nf4 Nxf4 20. Qxf4 Bg6
21. Bc4 Rd7 22. Rfe1 Rxe1+ 23. Rxe1 Qd8 {(=)} 24. Bb3 h6 25. h3 Kh7 26. Kh2 Re7
27. Rxe7 Qxe7 28. Bxd4 Nxd4 29. Qxd4 Qc7+ 30. f4 Bxc2 31. Qe5 Qc6 32. Bxf7 Bg6
33. Bd5 Qd7 34. Be6 Qd8 35. Bc4 Qc8 36. Bb3 Bf5 37. g4 Bd7 38. Qe4+ Kh8 39. Bc2
Kg8 40. Qh7+ Kf7 41. Bb3+ Kf6 42. Qd3 Qc7 43. Qd4+ Kg6 44. Qe4+ Kf6 45. Qd4+
Kg6 46. Kg3 Kh7 47. Qc4 Qd8 48. Qd3+ Kh8 49. Be6 Qb6 50. Bxd7 Qg1+ 51. Kf3 Qh1+
52. Ke3 Qxh3+ 53. Kd4 Qh2 54. Qe3 Qb2+ 55. Kc5 1-0

[Event "4NCL/Div1/GUI1 vs. AD1"]
[Site "Telford ENG"]
[Date "2003.01.19"]
[Round "4.4"]
[White "Richardson, John R"]
[Black "Gormally, Daniel W"]
[Result "0-1"]
[WhiteElo "2312"]
[BlackElo "2479"]
[PlyCount "82"]
[EventDate "2003.01.19"]

1. d4 Nf6 2. Nf3 d5 3. Bf4 c5 4. e3 Nc6 5. c3 Qb6 6. Qb3 c4 7. Qxb6 axb6 8. Be2
b5 9. O-O e6 10. Nbd2 b4 11. cxb4 Bxb4 12. a3 Be7 13. Bd1 b5 14. Bc2 O-O 15. e4
Rd8 16. e5 Nd7 17. h4 Re8 18. Bg5 Bf8 19. h5 Nb6 20. h6 g6 21. Rfb1 Bd7 22. Nf1
Bc8 23. Ne3 Ba6 24. Ng4 Nd7 25. Bd2 Ra7 26. Re1 Rea8 27. Rad1 Bc8 28. Bb1 Rb7
29. Re3 b4 30. axb4 Bxb4 31. Bc3 Bxc3 32. bxc3 Rb2 33. Kf1 Ra3 34. Ke1 Ba6 35.
Nd2 Bb5 36. Nf6+ Nxf6 37. exf6 Ba4 38. Rc1 Ra1 39. f4 Bc2 40. Bxc2 Rxc1+ 41.
Bd1 Nxd4 0-1

[Event "4NCL/Div1/GUI1 vs. AD1"]
[Site "Telford ENG"]
[Date "2003.01.19"]
[Round "4.5"]
[White "Plaskett, James"]
[Black "Moskovic, David M"]
[Result "0-1"]
[WhiteElo "2467"]
[BlackElo "2251"]
[PlyCount "80"]
[EventDate "2003.01.19"]

1. e4 c5 2. Nf3 d6 3. d4 cxd4 4. Nxd4 Nf6 5. Nc3 a6 6. Bg5 e6 7. f4 h6 8. Bh4
Nc6 9. Be2 Be7 10. Bg3 O-O 11. Qd2 e5 12. Nxc6 bxc6 13. fxe5 dxe5 14. Qxd8 Bxd8
15. Bxe5 Re8 16. O-O-O Nxe4 17. Nxe4 Bf5 18. Bf3 Rxe5 19. Nd6 Bg6 20. Bxc6 Rb8
21. Bf3 Bf6 22. b3 Ra5 23. a4 Bg5+ 24. Kb2 Rxa4 25. Rhe1 Bf6+ 26. c3 Ra5 27.
Be4 Bxe4 28. Rxe4 Rc5 29. Rd3 Be5 30. Ra4 Rc6 31. Nc4 Bxh2 32. Rd5 Rg6 33. b4
Rxg2+ 34. Kb3 Rg6 35. Rda5 Rf8 36. Rxa6 Rxa6 37. Rxa6 f5 38. b5 f4 39. b6 f3
40. b7 f2 0-1

[Event "4NCL/Div1/GUI1 vs. AD1"]
[Site "Telford ENG"]
[Date "2003.01.19"]
[Round "4.6"]
[White "Lyell, Mark"]
[Black "Prie, Eric"]
[Result "0-1"]
[WhiteElo "2242"]
[BlackElo "2446"]
[PlyCount "68"]
[EventDate "2003.01.19"]

1. e4 c6 2. d4 d5 3. exd5 cxd5 4. c4 Nf6 5. Nc3 Nc6 6. Bg5 e6 7. c5 Be7 8. Bb5
O-O 9. Bxc6 bxc6 10. Nf3 Ne4 11. Bxe7 Qxe7 12. Qc2 e5 13. Nxe4 Bf5 14. Qe2 Bxe4
15. Nxe5 Bxg2 16. Rg1 Rae8 17. Rxg2 f6 18. O-O-O fxe5 19. Qxe5 Qxe5 20. dxe5
Rxe5 21. Rd4 Ref5 22. Ra4 R5f7 23. Ra6 Rc7 24. Kd2 Kf7 25. Ke3 Ke8 26. Rg4 Kd8
27. Rf4 Rxf4 28. Kxf4 Kc8 29. Ke5 Re7+ 30. Kd6 Rd7+ 31. Ke5 d4 32. Rxc6+ Kd8
33. Re6 d3 34. c6 Re7 0-1

[Event "4NCL/Div1/GUI1 vs. AD1"]
[Site "Telford ENG"]
[Date "2003.01.19"]
[Round "4.7"]
[White "Matros, Alexander"]
[Black "Anderton, David W"]
[Result "1-0"]
[WhiteElo "2452"]
[BlackElo "2257"]
[PlyCount "85"]
[EventDate "2003.01.19"]

1. d4 e6 2. c4 Nf6 3. Nf3 b6 4. Nc3 Bb4 5. Bg5 Bb7 6. Nd2 h6 7. Bh4 g5 8. Bg3
Bxc3 9. bxc3 d6 10. f3 Nbd7 11. e4 e5 12. Bd3 Nh5 13. Nf1 Nf4 14. Ne3 Qf6 15.
Bf1 c5 16. d5 Kd8 17. h4 Kc7 18. Bf2 Rag8 19. h5 Re8 20. g3 Rhg8 21. a4 a5 22.
Rb1 Ba6 23. Rh2 Rb8 24. Kd2 Rge8 25. Nf5 Rb7 26. Rb3 Rbb8 27. Kc2 Rb7 28. Kb2
Rbb8 29. Ka2 Rb7 30. gxf4 exf4 31. Bd4 cxd4 32. cxd4 g4 33. c5 Bxf1 34. Nxd6
Rg8 35. Qxf1 Rbb8 36. e5 Nxe5 37. Ne4 Qf5 38. d6+ Kd8 39. dxe5 gxf3 40. Qxf3
Qd7 41. Nc3 Rg3 42. Qxf4 Rxc3 43. Qf6+ 1-0

[Event "4NCL/Div1/GUI1 vs. AD1"]
[Site "Telford ENG"]
[Date "2003.01.19"]
[Round "4.8"]
[White "Bellin, Jana"]
[Black "Flear, Christine"]
[Result "1/2-1/2"]
[WhiteElo "2203"]
[BlackElo "2213"]
[PlyCount "20"]
[EventDate "2003.01.19"]

1. d4 Nf6 2. Nf3 e6 3. Bg5 Be7 4. e3 b6 5. Bd3 Bb7 6. Nbd2 h6 7. Bxf6 Bxf6 8.
e4 d6 9. e5 dxe5 10. dxe5 Be7 1/2-1/2

[Event "4NCL/Div1/BET vs. BRI1"]
[Site "Telford ENG"]
[Date "2003.01.19"]
[Round "4.1"]
[White "Pert, Nicholas"]
[Black "Beaumont, Chris"]
[Result "1/2-1/2"]
[WhiteElo "2468"]
[BlackElo "2328"]
[PlyCount "67"]
[EventDate "2003.01.19"]

1. d4 g6 2. Nf3 Bg7 3. c4 Nf6 4. g3 d5 5. cxd5 Nxd5 6. Bg2 Nb6 7. Nc3 Nc6 8. e3
O-O 9. O-O Re8 10. d5 Na5 11. Nd4 e5 12. dxe6 Bxe6 13. Nxe6 Qxd1 14. Rxd1 Rxe6
15. Nb5 Re7 16. Bd2 c6 17. Bxa5 cxb5 18. Bxb6 axb6 19. Rab1 Rc7 20. a3 Bf8 21.
Rd5 Ra5 22. Rd8 Kg7 23. Rbd1 b4 24. R8d7 Rxd7 25. Rxd7 bxa3 26. bxa3 Bxa3 27.
Bd5 Be7 28. e4 Kf8 29. Rxb7 b5 30. Rb8+ Kg7 31. Rb7 Kf8 32. f4 b4 33. Kf2 Ra7
34. Rxa7 1/2-1/2

[Event "4NCL/Div1/BET vs. BRI1"]
[Site "Telford ENG"]
[Date "2003.01.19"]
[Round "4.2"]
[White "Sherwin, James T"]
[Black "Hunt, Adam C"]
[Result "1/2-1/2"]
[WhiteElo "2323"]
[BlackElo "2365"]
[PlyCount "184"]
[EventDate "2003.01.19"]

1. d4 Nf6 2. c4 g6 3. Nf3 Bg7 4. g3 O-O 5. Bg2 d6 6. O-O Nc6 7. Nc3 e5 8. dxe5
Nxe5 9. Nxe5 dxe5 10. Qxd8 Rxd8 11. Bg5 Rd4 12. Nd5 Nxd5 13. cxd5 e4 14. Rad1
Bf5 15. b3 Rxd1 16. Rxd1 Be5 17. h3 h5 18. Kf1 a5 19. Bf4 Bxf4 20. gxf4 a4 21.
b4 a3 22. e3 Rd8 23. Ke2 h4 24. Rd4 Kf8 25. Bxe4 {(=)} 25... Bxh3 26. Rc4 Bg4+
27. Bf3 Bxf3+ 28. Kxf3 Rxd5 29. Rxc7 Rd2 30. Rxb7 Rxa2 31. Ra7 Ra1 32. Kg2 Kg7
33. b5 a2 34. b6 Kh6 {(=)} 35. b7 Rb1 36. Rxa2 Rxb7 37. Kh3 Kh5 38. Ra5+ f5 39.
Ra8 Rh7 40. Rg8 Kh6 41. Kxh4 Ra7 42. Rh8+ Kg7 43. Rb8 Ra1 44. Rb7+ Kf6 45. Rb6+
Kf7 46. Kg3 Ra4 47. Rd6 Ra3 48. Rd1 Ra2 49. Kf3 Rb2 50. Re1 Kf6 51. Re2 Rb3 52.
Kg3 Ra3 53. f3 g5 54. fxg5+ Kxg5 55. Kf2 Kf6 56. Rb2 Ra6 57. Rb8 Rc6 58. Kg3
Ra6 59. Rf8+ Kg6 60. Rd8 Kf6 61. Rd5 Rb6 62. Ra5 Rc6 63. Kf4 Rc4+ 64. Kg3 Rc6
65. Ra8 Rb6 66. Rf8+ Kg6 67. Kf4 Rb4+ 68. Ke5 Rb5+ 69. Kd4 Rb4+ 70. Kc3 Ra4 71.
Rc8 Ra6 72. Kd4 Kf6 73. Kd5 Ra3 74. Rc6+ Kf7 75. Kd4 f4 76. exf4 Rxf3 77. Ke5
Re3+ 78. Kf5 Re7 79. Rf6+ Kg7 80. Re6 Ra7 81. Kg5 Kf7 82. Rh6 Ra5+ 83. f5 Ra1
84. Rh7+ Kg8 85. Rb7 Ra6 86. Rc7 Rb6 87. Rd7 Ra6 88. Kf4 Kf8 89. Ke5 Ra5+ 90.
Kf6 Ra6+ 91. Kg5 Rb6 92. Ra7 Rc6 1/2-1/2

[Event "4NCL/Div1/BET vs. BRI1"]
[Site "Telford ENG"]
[Date "2003.01.19"]
[Round "4.3"]
[White "Pert, Richard G"]
[Black "Ansell, Simon"]
[Result "1/2-1/2"]
[WhiteElo "2378"]
[BlackElo "2398"]
[PlyCount "40"]
[EventDate "2003.01.19"]

1. e4 c5 2. Nf3 Nc6 3. Nc3 Nd4 4. Bc4 d6 5. d3 Nf6 6. Bg5 e6 7. Nxd4 cxd4 8.
Ne2 Qa5+ 9. Qd2 Qxd2+ 10. Bxd2 e5 11. c3 dxc3 12. Nxc3 Be6 13. Rc1 Rc8 14. b3
Be7 15. Ke2 O-O 16. Bg5 h6 17. Bxf6 Bxf6 18. a4 a6 19. Nd5 Bg5 20. Ne3 b5
1/2-1/2

[Event "4NCL/Div1/BET vs. BRI1"]
[Site "Telford ENG"]
[Date "2003.01.19"]
[Round "4.4"]
[White "Cobb, Charles"]
[Black "Williams, Simon K"]
[Result "1/2-1/2"]
[WhiteElo "2331"]
[BlackElo "2405"]
[PlyCount "79"]
[EventDate "2003.01.19"]

1. e4 c5 2. Nc3 Nc6 3. f4 g6 4. Nf3 Bg7 5. Bb5 Nd4 6. O-O Nxb5 7. Nxb5 d5 8. e5
d4 9. c3 d3 10. Ne1 Nh6 11. Qf3 c4 12. Qd5 Qxd5 13. Nc7+ Kd8 14. Nxd5 Nf5 15.
b3 b5 16. a4 Bb7 17. Ne3 Nxe3 18. dxe3 a6 19. bxc4 bxc4 20. Rb1 Bd5 21. Nf3 Kd7
22. Nd2 Rab8 23. Ba3 f5 24. Kf2 g5 25. g3 g4 26. Rxb8 Rxb8 27. Rb1 Rxb1 28.
Nxb1 Bf8 29. Nd2 Kc6 30. Bb4 Kb6 31. a5+ Kb5 32. Ke1 Bf3 33. Kf2 h5 34. Ke1 Bd5
{(=)} 35. Kd1 {(=)} 35... Bf3+ 36. Kc1 Bd5 37. Kd1 Bf3+ 38. Kc1 Bd5 39. Kb2 Bf3
40. Ka3 1/2-1/2

[Event "4NCL/Div1/BET vs. BRI1"]
[Site "Telford ENG"]
[Date "2003.01.19"]
[Round "4.5"]
[White "Dworakowska, Joanna"]
[Black "Buckley, Simon T"]
[Result "1-0"]
[WhiteElo "2404"]
[BlackElo "2266"]
[PlyCount "73"]
[EventDate "2003.01.19"]

1. e4 e6 2. d4 d5 3. Nc3 Bb4 4. e5 c5 5. a3 Bxc3+ 6. bxc3 Ne7 7. Qg4 Qc7 8.
Qxg7 Rg8 9. Qxh7 cxd4 10. Ne2 Nbc6 11. f4 Bd7 12. Qd3 dxc3 13. Rb1 O-O-O 14. h3
d4 15. g4 Be8 16. Bg2 Nd5 17. O-O a6 18. Nxd4 Qa5 19. Qc4 Nb6 20. Nxc6 Bxc6 21.
Qb4 Qxb4 22. Rxb4 Bxg2 23. Kxg2 Nd5 24. Re4 b5 25. Kg3 Kb7 26. f5 a5 27. h4 b4
28. h5 a4 29. axb4 Nc7 30. Rc4 Nb5 31. fxe6 fxe6 32. Rf7+ Kb8 33. Rc6 a3 34.
Rb6+ Kc8 35. Rxb5 Rd4 36. g5 Rd2 37. Rc5+ 1-0

[Event "4NCL/Div1/BET vs. BRI1"]
[Site "Telford ENG"]
[Date "2003.01.19"]
[Round "4.6"]
[White "Collier, David O"]
[Black "Ledger, Andrew J"]
[Result "0-1"]
[WhiteElo "2273"]
[BlackElo "2397"]
[PlyCount "86"]
[EventDate "2003.01.19"]

1. d4 d5 2. Bg5 g6 3. Nf3 Bg7 4. e3 c5 5. c3 Qb6 6. Qb3 Nc6 7. Na3 Qxb3 8. axb3
f6 9. Bh4 cxd4 10. exd4 Bg4 11. Be2 Nh6 12. Nc2 Nf5 13. Bg3 Nxg3 14. hxg3 O-O-O
15. b4 a6 16. b5 axb5 17. Bxb5 Kc7 18. Ne3 Bxf3 19. gxf3 h5 20. Kd2 e5 21. Bxc6
Kxc6 22. Ra5 Bf8 23. Nc2 Bd6 24. dxe5 fxe5 25. Rh4 g5 26. Rh1 Rdf8 27. Ke2 Bc5
28. Ne3 b6 29. Ra7 d4 30. Nd1 h4 31. gxh4 gxh4 32. Rh3 Rfg8 33. b4 Bd6 34. Kd3
Rg1 35. Nb2 dxc3 36. Kxc3 Rc1+ 37. Kd2 Rb1 38. Kc2 Rf1 39. Nd3 Kd5 40. Ra4 Rc8+
41. Kb3 Rc4 42. b5 Rxa4 43. Kxa4 Kc4 0-1

[Event "4NCL/Div1/BET vs. BRI1"]
[Site "Telford ENG"]
[Date "2003.01.19"]
[Round "4.7"]
[White "Ledger, David J"]
[Black "Headlong, Timothy"]
[Result "1-0"]
[WhiteElo "2267"]
[BlackElo "2208"]
[PlyCount "79"]
[EventDate "2003.01.19"]

1. e4 c5 2. Nc3 Nc6 3. g3 g6 4. d3 Bg7 5. Be3 d6 6. Qd2 Rb8 7. Bg2 b5 8. Nge2
Nd4 9. O-O e6 10. Nc1 b4 11. Nd1 Qa5 12. c3 bxc3 13. bxc3 Nc6 14. Ne2 Nge7 15.
Bh6 O-O 16. Bxg7 Kxg7 17. Ne3 Bd7 18. f4 f5 19. g4 Kh8 20. Ng3 Qc7 21. Rf2 Rf7
22. Re1 fxg4 23. Nxg4 d5 24. Nh6 Rff8 25. Ref1 d4 26. c4 Qa5 27. Qxa5 Nxa5 28.
e5 Kg7 29. Ng4 Bc6 30. Bxc6 Naxc6 31. Ne4 Nb4 32. Nxc5 Kf7 33. Nd7 Nxd3 34. Rd2
Nb4 35. Nxf8 Kxf8 36. Rxd4 Nf5 37. Rd7 Rc8 38. Rc1 Nxa2 39. Ra1 Nb4 40. Raxa7
1-0

[Event "4NCL/Div1/BET vs. BRI1"]
[Site "Telford ENG"]
[Date "2003.01.19"]
[Round "4.8"]
[White "Headlong, Fenella"]
[Black "Ledger, Stephen C"]
[Result "0-1"]
[WhiteElo "1672"]
[BlackElo "2172"]
[PlyCount "68"]
[EventDate "2003.01.19"]

1. e4 c5 2. c3 Nf6 3. e5 Nd5 4. d4 cxd4 5. cxd4 e6 6. Nf3 Nc6 7. Bc4 Nb6 8. Bb3
d6 9. O-O Be7 10. Nc3 d5 11. Bc2 Bd7 12. Re1 Rc8 13. Nb5 Nxe5 14. Nxe5 Bxb5 15.
Qh5 g6 16. Bxg6 fxg6 17. Nxg6 hxg6 18. Qxh8+ Kd7 19. Qh3 {(=)} 19... Qg8 20.
Bf4 Qf7 21. Bg3 Bd3 22. Rac1 Nc4 23. b3 Bg5 24. Be5 Bf5 25. Qc3 Bd2 26. Qg3
Bxc1 27. bxc4 Rxc4 28. Qb3 Kc8 29. h3 Bd2 30. Qa3 Bxe1 31. Qxa7 Rc7 32. Qa8+
Kd7 33. Bxc7 Kxc7 34. Qa5+ Bxa5 0-1

[Event "4NCL/Div1/SLO1 vs. BAR1"]
[Site "Telford ENG"]
[Date "2003.01.19"]
[Round "4.1"]
[White "Wells, Peter K"]
[Black "Parker, Jonathan"]
[Result "0-1"]
[WhiteElo "2486"]
[BlackElo "2545"]
[PlyCount "76"]
[EventDate "2003.01.19"]

1. d4 Nf6 2. Bg5 d5 3. Bxf6 exf6 4. e3 Bd6 5. g3 c6 6. Bg2 f5 7. Ne2 Nd7 8. b3
Nf6 9. c4 Be6 10. Nd2 h5 11. h4 Ne4 12. c5 Bc7 13. b4 g6 14. a4 Kf8 15. Qc2 Kg7
16. Qb2 Bd7 17. Nf4 Rb8 18. Ra3 Qe7 19. Nf3 a6 20. Ne5 Be8 21. Ned3 f6 22. b5
Ba5+ 23. Nb4 g5 24. Nfd3 Bg6 25. O-O Qd7 26. hxg5 Nxg5 27. Rb3 axb5 28. axb5 h4
29. Ra1 Bxb4 30. Rxb4 hxg3 31. fxg3 Qc7 32. Nf4 Qe7 33. Qb3 Be8 34. bxc6 Bxc6
35. Ra7 Rhe8 36. Rb6 Qc7 37. Nxd5 Qxg3 38. Rxc6 Nf3+ 0-1

[Event "4NCL/Div1/SLO1 vs. BAR1"]
[Site "Telford ENG"]
[Date "2003.01.19"]
[Round "4.2"]
[White "Kelly, Brian"]
[Black "McNab, Colin A"]
[Result "1-0"]
[WhiteElo "2468"]
[BlackElo "2423"]
[PlyCount "131"]
[EventDate "2003.01.19"]

1. Nf3 g6 2. c4 Bg7 3. Nc3 e5 4. g3 d6 5. Bg2 Nf6 6. d3 O-O 7. O-O Nc6 8. Rb1
a5 9. a3 Re8 10. Bg5 h6 11. Bxf6 Bxf6 12. b4 axb4 13. axb4 Nd4 14. Nd2 Bg7 15.
e3 Ne6 16. Qc2 c6 17. b5 Bd7 18. Rb4 Nc5 19. Nde4 Nxe4 20. Bxe4 Rc8 21. bxc6
bxc6 22. Bg2 Be6 23. Qb3 Re7 24. Rb6 Rec7 25. Ra6 Kh7 26. h4 f5 27. Rb1 Qg8 28.
Rb6 e4 29. dxe4 Bxc4 30. Qc2 Be6 31. Ne2 Be5 32. Rb7 fxe4 33. Bxe4 d5 34. Bd3
Qf7 35. Rxc7 Rxc7 36. Rb6 Bf5 37. h5 Kg7 38. hxg6 Bxd3 39. Qxd3 Qxg6 {(=)} 40.
Qb3 Qg4 41. Nf4 Bxf4 42. Qc3+ Kf7 43. exf4 Qg7 44. Qd3 Qg6 45. Qc3 Qf6 46. Qd3
Kg7 47. Rb8 Re7 48. Rc8 Re6 49. Qa6 Re1+ 50. Kg2 Qe7 51. Qd3 Qf6 52. Qf3 Re6
53. Rc7+ Re7 54. Rc8 Re6 55. Qb3 h5 56. Qb7+ Kh6 57. Rg8 Re2 58. f5 Re7 59. Qc8
Kh7 60. Rg6 Qf7 61. Rxc6 Rd7 62. Re6 d4 63. Qc1 Qg7 64. Rg6 Qf8 65. Qg5 Qa8+
66. Kh2 1-0

[Event "4NCL/Div1/SLO1 vs. BAR1"]
[Site "Telford ENG"]
[Date "2003.01.19"]
[Round "4.3"]
[White "Wohl, Aleksandar H"]
[Black "Ferguson, Mark"]
[Result "1/2-1/2"]
[WhiteElo "2415"]
[BlackElo "2377"]
[PlyCount "97"]
[EventDate "2003.01.19"]

1. d4 d5 2. c4 c6 3. Nc3 Nf6 4. e3 g6 5. Nf3 Bg7 6. h3 O-O 7. Bd3 Nbd7 8. O-O
Re8 9. cxd5 cxd5 10. Qb3 e6 11. Bd2 Qb6 12. Qc2 Nb8 13. Ne5 Bd7 14. b4 Rc8 15.
b5 Qd6 16. Qb3 Be8 17. a4 Nbd7 18. f4 a5 19. Rac1 Bf8 20. Ne2 Rxc1 21. Rxc1 Nb6
22. g4 Nfd7 23. Ra1 f6 24. Nf3 Bf7 25. Be1 Qc7 26. Bg3 Qd8 27. Rc1 Bb4 28. g5
fxg5 29. fxg5 Rc8 30. Rxc8 Qxc8 31. Qc2 Qxc2 32. Bxc2 Nc4 33. Kf2 Ndb6 34. Bc7
Na8 35. Bb8 Nab6 36. Bc7 Na8 37. Bd8 Kf8 38. Nf4 Ke8 39. Bf6 Nb2 40. h4 Nb6 41.
h5 N2xa4 42. Ne5 Nc3 43. Nxf7 Kxf7 44. hxg6+ hxg6 45. Bxg6+ Kg8 46. Nd3 Ne4+
47. Kf3 Nxf6 48. gxf6 Nd7 49. Ne5 1/2-1/2

[Event "4NCL/Div1/SLO1 vs. BAR1"]
[Site "Telford ENG"]
[Date "2003.01.19"]
[Round "4.4"]
[White "Palliser, Richard"]
[Black "Houska, Jovanka"]
[Result "1-0"]
[WhiteElo "2455"]
[BlackElo "2386"]
[PlyCount "67"]
[EventDate "2003.01.19"]

1. d4 d5 2. c4 c6 3. Nf3 Nf6 4. e3 Bf5 5. cxd5 cxd5 6. Qb3 Qc7 7. Bd2 e6 8.
Bb5+ Nbd7 9. O-O a6 10. Bxd7+ Nxd7 11. Ne5 Rc8 12. Nc3 Bd6 13. Rac1 Nc5 14.
dxc5 Bxe5 15. f4 Bf6 16. Ne2 O-O 17. Bc3 Be7 18. Bd4 Qd7 19. Ng3 Bg6 20. Qc3 f6
21. b4 Rc7 22. Qb3 Rfc8 23. Rcd1 a5 24. a3 axb4 25. axb4 b6 26. cxb6 Bc2 27.
Qa2 Rc4 28. Ra1 Rxb4 29. Qa7 Qd8 30. Rfc1 Rbc4 31. b7 Rb8 32. Qxb8 Qxb8 33. Ra8
Bd6 34. Ba7 1-0

[Event "4NCL/Div1/SLO1 vs. BAR1"]
[Site "Telford ENG"]
[Date "2003.01.19"]
[Round "4.5"]
[White "Devereaux, Maxim"]
[Black "Shikerov, Stefan"]
[Result "1-0"]
[WhiteElo "2305"]
[BlackElo "2339"]
[PlyCount "87"]
[EventDate "2003.01.19"]

1. d4 d5 2. c4 c6 3. Nf3 Nf6 4. Nc3 e6 5. Bg5 dxc4 6. e4 b5 7. e5 h6 8. Bh4 g5
9. Nxg5 hxg5 10. Bxg5 Be7 11. exf6 Bxf6 12. Bxf6 Qxf6 13. g3 Na6 14. Bg2 Bb7
15. a4 b4 16. Ne4 Qe7 17. Qe2 f5 18. Nc5 Nxc5 19. dxc5 Qxc5 20. O-O-O e5 21.
Rhe1 O-O 22. Qh5 Qe7 23. Qg6+ Qg7 24. Qe6+ Qf7 25. Rxe5 Qxe6 26. Rxe6 Rae8 27.
Rxe8 Rxe8 28. Rd7 Bc8 29. Rc7 Be6 30. Bxc6 Rd8 31. Re7 Bf7 32. Rd7 Rxd7 33.
Bxd7 f4 34. a5 Kf8 35. Kd2 Ke7 36. Bg4 Kd6 37. gxf4 Kc5 38. h4 Kd4 39. h5 Ke4
40. h6 Bg8 41. Be6 Bh7 42. f5 Ke5 43. f4+ Kf6 44. Ke3 1-0

[Event "4NCL/Div1/SLO1 vs. BAR1"]
[Site "Telford ENG"]
[Date "2003.01.19"]
[Round "4.6"]
[White "Knott, Simon"]
[Black "Howell, David WL"]
[Result "1-0"]
[WhiteElo "2401"]
[BlackElo "2257"]
[PlyCount "83"]
[EventDate "2003.01.19"]

1. Nf3 Nc6 2. d4 d5 3. Bf4 Bg4 4. e3 e6 5. Be2 Bd6 6. Bg3 Nge7 7. Nbd2 O-O 8.
c4 f5 9. c5 Bxg3 10. hxg3 Ng6 11. Bb5 e5 12. Bxc6 bxc6 13. Qa4 Bxf3 14. Nxf3 e4
15. Nd2 Ne7 16. Nb3 Qb8 17. Qa5 Rc8 18. Qd2 Qb5 19. Na5 Rcb8 20. b3 Qb4 21.
Qxb4 Rxb4 22. a3 Rbb8 23. Kd2 g6 24. Rh4 h5 25. f3 Kg7 26. Rah1 Kf6 27. g4 hxg4
28. fxg4 fxg4 29. Rxg4 Rh8 30. Rf4+ Ke6 31. Rhf1 Rh2 32. Rf6+ Kd7 33. R1f2 Rh1
34. Rf7 Ra1 35. R2f6 Ra2+ 36. Kc3 Re2 37. Nxc6 Rxe3+ 38. Kd2 Rd3+ 39. Kc2 Rg3
40. Rxe7+ Kc8 41. Re8+ Kb7 42. Na5# 1-0